Отечество: краеведческий альманах

Detaylı Bibliyografya
Müşterek Yazar: Российский фонд культуры
Diğer Yazarlar: Попов А. С.
Özet:В 1996 г. поменялось изд-во.
Dil:Rusça
Baskı/Yayın Bilgisi: Москва, Отечество, 1994-1999
Materyal Türü: MixedMaterials Kitap
KOHA link:https://koha.lib.tpu.ru/cgi-bin/koha/opac-detail.pl?biblionumber=156203

MARC

LEADER 00000nam1a2200000 4500
001 156203
005 20231031152948.0
035 |a (RuTPU)RU\TPU\book\169412 
090 |a 156203 
100 |a 20090324d1994 m y0rusy50 ca 
101 0 |a rus 
102 |a RU 
200 1 |a Отечество  |e краеведческий альманах  |f Российский фонд культуры ; гл. ред. А. С. Попов 
210 |a Москва  |c Отечество  |c Профиздат  |d 1994-1999 
300 |a В 1996 г. поменялось изд-во. 
702 1 |a Попов  |b А. С.  |4 651 
712 0 2 |a Российский фонд культуры  |2 stltpush  |3 (RuTPU)RU\TPU\col\14323 
801 1 |a RU  |b 63413507  |c 20090324  |g PSBO 
942 |c BK